[Event "13th Parsvnath Open"]
[Site "New Delhi IND"]
[Date "2015.01.11"]
[Round "4.21"]
[White "Sangma, Rahul"]
[Black "Nguyen, Duc Hoa"]
[Result "0-1"]
[WhiteTitle "IM"]
[BlackTitle "GM"]
[WhiteElo "2289"]
[BlackElo "2518"]
[WhiteFideId "5013615"]
[BlackFideId "12401358"]
[EventDate "2015.01.09"]

1. Nf3 d5 2. c4 e6 3. g3 Nf6 4. Bg2 Be7 5. O-O O-O 6. b3 a5 7. Nc3 c6 8. d4 b6
9. Ne5 Ba6 10. e4 Bb4 11. Bb2 Bxc3 12. Bxc3 Nxe4 13. Bxe4 dxe4 14. Qg4 f5 15.
Qe2 Bb7 16. f3 exf3 17. Rxf3 Nd7 18. Nxc6 Qe8 19. d5 Bxc6 20. dxc6 Nf6 21. c7
Qc6 22. Be5 Ng4 23. Rd3 Qe4 24. Qxe4 fxe4 25. Rd6 Nxe5 26. Rxb6 Rae8 27. Rb5
Nf3+ 28. Kf2 Nd4+ 29. Kg2 e3 30. Re1 Rf2+ 31. Kh3 Nxb5 32. cxb5 0-1

[Event "13th Parsvnath Open"]
[Site "New Delhi IND"]
[Date "2015.01.11"]
[Round "4.22"]
[White "Rahman, Ziaur"]
[Black "Kathmale, Sameer"]
[Result "1-0"]
[WhiteTitle "GM"]
[BlackTitle "IM"]
[WhiteElo "2507"]
[BlackElo "2304"]
[WhiteFideId "10200037"]
[BlackFideId "5024498"]
[EventDate "2015.01.09"]

1. b3 e5 2. Bb2 Nc6 3. e3 Nf6 4. Bb5 Bd6 5. Na3 Be7 6. Nc4 d6 7. Bxc6+ bxc6 8.
Ne2 O-O 9. O-O a5 10. a4 Be6 11. d3 c5 12. e4 Bxc4 13. bxc4 Nd7 14. Ng3 Bh4 15.
Nf5 g6 16. Qg4 Bg5 17. h4 Bd2 18. Rad1 Rb8 19. Ba1 h5 20. Qh3 Bf4 21. g3 gxf5
22. gxf4 Kh8 23. Kh1 Rg8 24. f3 Nf8 25. fxe5 dxe5 26. Bxe5+ f6 27. Bc3 Qd7 28.
Bxf6+ Kh7 29. Qxf5+ Qxf5 30. exf5 Nd7 31. Bc3 Rbf8 32. Rde1 1-0

[Event "13th Parsvnath Open"]
[Site "New Delhi IND"]
[Date "2015.01.11"]
[Round "4.23"]
[White "Kunte, Abhijit"]
[Black "Kulkarni, Rakesh"]
[Result "1-0"]
[WhiteTitle "GM"]
[WhiteElo "2486"]
[BlackElo "2241"]
[WhiteFideId "5002265"]
[BlackFideId "5037077"]
[EventDate "2015.01.09"]

1. d4 d5 2. Nf3 c5 3. c4 dxc4 4. e3 cxd4 5. Qxd4 Qxd4 6. Nxd4 a6 7. Bxc4 Nf6 8.
O-O Bd7 9. b3 Nc6 10. Nf3 g6 11. Bb2 Bg7 12. Nbd2 O-O 13. Be2 Nd5 14. Bxg7 Kxg7
15. Rfc1 Rac8 16. Ne4 Rc7 17. Rc5 Nf6 18. Nxf6 Kxf6 19. Ne5 Rfc8 20. Rac1 Be8
21. Bf3 e6 22. b4 Ke7 23. a3 f6 24. Nd3 Kd6 25. Nb2 b5 26. Nd3 g5 27. R5c3 Ne5
28. Rxc7 Rxc7 29. Rxc7 Kxc7 30. Nxe5 fxe5 31. Be4 Bg6 32. Bxg6 hxg6 33. e4 g4
34. f3 gxf3 35. g3 g5 36. h3 1-0

[Event "13th Parsvnath Open"]
[Site "New Delhi IND"]
[Date "2015.01.11"]
[Round "4.24"]
[White "Pratyusha, Bodda"]
[Black "Thejkumar, M. S."]
[Result "0-1"]
[BlackTitle "IM"]
[WhiteElo "2192"]
[BlackElo "2459"]
[WhiteFideId "5000629"]
[BlackFideId "5009154"]
[EventDate "2015.01.09"]

1. d4 d5 2. c4 Nc6 3. Nc3 dxc4 4. d5 Ne5 5. f4 Nd7 6. e4 Nb6 7. a4 a5 8. Be3 e6
9. Bxb6 cxb6 10. Bxc4 Bb4 11. dxe6 Bxe6 12. Bxe6 Qxd1+ 13. Rxd1 fxe6 14. Ne2 Nf6
15. Kf2 O-O 16. e5 Ng4+ 17. Kg3 Ne3 18. Rd7 Rad8 19. Rxd8 Rxd8 20. Kf3 Nc4 21.
Rd1 Rf8 22. b3 Nxe5+ 23. Kg3 Nc6 24. Ne4 h6 25. Rd7 Rf7 26. Rxf7 Kxf7 27. Kf3
Bc5 28. Nd2 Nb4 29. Ke4 Ke7 30. g4 Nd5 31. Nc4 Nf6+ 32. Kf3 Nd7 33. Nc1 Bd6 34.
Nd3 Bc7 35. h4 h5 36. gxh5 Nf6 37. Na3 Nxh5 38. Nb5 Bb8 39. Nd4 Nf6 40. Ne5 Kd6
41. Nb5+ Kc5 42. Nd3+ Kd5 43. Nb2 Nd7 44. Nc4 Kc5 45. Kg4 Kb4 46. Nd4 e5 47.
fxe5 Nxe5+ 48. Kf5 Nxc4 49. bxc4 Kxa4 50. Ne6 Kb4 51. Nxg7 a4 52. h5 a3 53. h6
Be5 54. Kxe5 0-1

[Event "13th Parsvnath Open"]
[Site "New Delhi IND"]
[Date "2015.01.11"]
[Round "4.25"]
[White "Shyam, Nikil P."]
[Black "Pranav, Shetty"]
[Result "1/2-1/2"]
[WhiteTitle "IM"]
[WhiteElo "2455"]
[BlackElo "2217"]
[WhiteFideId "5024218"]
[BlackFideId "5035058"]
[EventDate "2015.01.09"]

1. d4 Nf6 2. Bg5 e6 3. Nf3 c5 4. Nc3 h6 5. Bxf6 Qxf6 6. Ne4 Qf4 7. Nxc5 Bxc5 8.
e3 Bb4+ 9. c3 Qd6 10. Qa4 Nc6 11. Bb5 Ba5 12. Bxc6 Bxc3+ 13. bxc3 Qxc6 14. Qxc6
bxc6 15. Nd2 Ke7 16. Nb3 Ba6 17. Kd2 Rab8 18. Rhb1 Rb6 19. Na5 Rhb8 20. Rb3 Kd6
21. c4 c5 22. Kc3 cxd4+ 23. exd4 Kc7 24. c5 Rxb3+ 25. axb3 d5 26. Nc6 Kxc6 27.
Rxa6+ Kb7 28. Rd6 Rc8 29. b4 Rc6 30. Rd7+ Rc7 31. Rxc7+ Kxc7 32. b5 g5 33. Kb4
f6 34. Ka5 e5 35. Ka6 Kb8 36. dxe5 fxe5 37. c6 d4 38. c7+ Kxc7 39. Kxa7 d3 40.
b6+ Kd7 41. b7 d2 42. b8=Q d1=Q 43. Qxe5 Qa4+ 44. Kb6 Qc6+ 45. Ka5 Qxg2 46. Qg7+
Ke8 47. Qg6+ Kd7 48. Qf5+ Ke7 49. h3 Qa8+ 50. Kb4 Qb7+ 51. Kc3 Qc6+ 52. Kd4 Qf6+
53. Ke4 Qe6+ 54. Qe5 Kf7 55. Qxe6+ Kxe6 56. f4 gxf4 1/2-1/2

[Event "13th Parsvnath Open"]
[Site "New Delhi IND"]
[Date "2015.01.11"]
[Round "4.26"]
[White "Gagare, Shardul"]
[Black "Surendran, N."]
[Result "1-0"]
[WhiteTitle "IM"]
[WhiteElo "2437"]
[BlackElo "2197"]
[WhiteFideId "5037883"]
[BlackFideId "5021243"]
[EventDate "2015.01.09"]

1. d4 Nf6 2. c4 e6 3. Nf3 d5 4. Nc3 Bb4 5. cxd5 exd5 6. Bg5 O-O 7. e3 Nbd7 8.
Bd3 c5 9. O-O Qa5 10. Qc2 Re8 11. dxc5 Bxc3 12. bxc3 Ne4 13. c4 Ndxc5 14. cxd5
Bg4 15. Bf4 Rac8 16. Ne5 Nxd3 17. Qxd3 Bf5 18. g4 f6 19. gxf5 fxe5 20. Qxe4 exf4
21. Qxf4 Qxd5 22. Rfd1 Qf7 23. Rd4 Rf8 24. e4 g6 25. Qg3 Qg7 26. Rad1 gxf5 27.
Qxg7+ Kxg7 28. Rd7+ Rf7 29. Rxf7+ Kxf7 30. Rd7+ Kf6 31. Rxb7 fxe4 32. Rxa7 Rc2
33. a4 h5 34. a5 Ra2 35. a6 Kg5 36. Re7 Rxa6 37. Rxe4 Ra5 38. Kg2 Rb5 39. Kg3
h4+ 40. Kg2 Rb2 41. Re8 Rb3 42. h3 Rb2 43. Re5+ Kf6 44. Rh5 Rb4 45. Kf3 Rb3+ 46.
Kg4 Rb4+ 47. f4 Kg6 48. Rc5 Ra4 49. Rc6+ Kf7 50. Kg5 Ra5+ 51. Kxh4 Kg7 52. Re6
Ra3 53. Kg4 Ra1 54. Kf5 Rh1 55. Re7+ Kh6 56. Re3 Rf1 57. Rb3 Rf2 58. h4 Rf1 59.
Rb6+ Kg7 60. Rb7+ Kh6 61. Rb6+ Kg7 62. h5 Rh1 63. Rb7+ Kh6 64. Rb6+ Kg7 65. Rb7+
Kh6 66. Kf6 Rxh5 67. f5 Rh1 68. Rb2 Rh3 69. Re2 Rh5 70. Ke6 Rh1 71. f6 Ra1 72.
f7 Ra6+ 73. Ke7 Ra7+ 74. Kf6 1-0

[Event "13th Parsvnath Open"]
[Site "New Delhi IND"]
[Date "2015.01.11"]
[Round "4.27"]
[White "Harikrishnan.A.Ra"]
[Black "Karthikeyan, P."]
[Result "1-0"]
[BlackTitle "IM"]
[WhiteElo "2200"]
[BlackElo "2435"]
[WhiteFideId "5081483"]
[BlackFideId "5018226"]
[EventDate "2015.01.09"]

1. Nf3 Nf6 2. c4 c5 3. g3 Nc6 4. Bg2 d5 5. O-O d4 6. d3 e5 7. Na3 Be7 8. Nc2 Bf5
9. Bd2 h6 10. Rb1 e4 11. Nfe1 a5 12. b3 O-O 13. a3 Qd7 14. b4 b6 15. bxa5 bxa5
16. Rb5 a4 17. dxe4 Nxe4 18. Nd3 Qe6 19. Rb6 Rfc8 20. Qc1 Bd8 21. Rb5 Na7 22.
Nxd4 cxd4 23. Re5 Qd7 24. Bxe4 Bxe4 25. Rxe4 Bf6 26. Nf4 Qf5 27. Qb1 g6 28. Nd5
Rab8 29. Re8+ Rxe8 30. Qxf5 gxf5 31. Nxf6+ Kg7 32. Nxe8+ Rxe8 33. e3 Rc8 34.
exd4 Rxc4 35. Rb1 Nc6 36. d5 Nd4 37. Be3 f4 38. gxf4 Ne2+ 39. Kf1 Nxf4 40. Rd1
Kf6 41. d6 Ne6 42. d7 Ke7 43. Bb6 Nd8 44. Re1+ Kxd7 45. Rd1+ Ke6 46. Bxd8 Rc3
47. Re1+ 1-0

[Event "13th Parsvnath Open"]
[Site "New Delhi IND"]
[Date "2015.01.11"]
[Round "4.28"]
[White "Ritviz, Parab"]
[Black "Ramnath Bhuvanesh, R"]
[Result "0-1"]
[BlackTitle "IM"]
[WhiteElo "2187"]
[BlackElo "2405"]
[WhiteFideId "5073367"]
[BlackFideId "5026598"]
[EventDate "2015.01.09"]

1. e4 g6 2. d4 Bg7 3. Nc3 c6 4. f4 d5 5. e5 Nh6 6. Nf3 Bg4 7. Bd3 Qb6 8. O-O Nd7
9. Ne2 f6 10. Kh1 O-O 11. Qe1 c5 12. c3 cxd4 13. cxd4 Nf5 14. Bxf5 Bxf5 15. Nc3
Qc6 16. Be3 Rac8 17. Rc1 Qe6 18. Qe2 a6 19. h3 Nb6 20. Nh4 Bxh3 21. f5 Bxf5 22.
Nxf5 gxf5 23. b3 fxe5 24. dxe5 Qxe5 25. Bxb6 Rxc3 26. Qd2 Rxc1 27. Rxc1 f4 28.
Re1 Qd6 29. Bf2 e5 30. b4 d4 31. Qd3 Qd5 32. a4 f3 33. g4 Rf4 34. Rc1 Qe6 35.
Rc7 Qh6+ 0-1

[Event "13th Parsvnath Open"]
[Site "New Delhi IND"]
[Date "2015.01.11"]
[Round "4.29"]
[White "Del Rey, Diego"]
[Black "Shashikant, Kutwal"]
[Result "0-1"]
[WhiteTitle "IM"]
[WhiteElo "2390"]
[BlackElo "2189"]
[WhiteFideId "102164"]
[BlackFideId "5006520"]
[EventDate "2015.01.09"]

1. d4 d5 2. c4 c6 3. Nf3 Nf6 4. Qc2 dxc4 5. e4 b5 6. b3 cxb3 7. axb3 e6 8. Bd2
a5 9. Bd3 Bb7 10. O-O Be7 11. Rc1 h6 12. Qd1 b4 13. Bf4 Nbd7 14. Nbd2 c5 15. Qe2
O-O 16. Be3 cxd4 17. Bxd4 Re8 18. Rc2 e5 19. Bb2 Nc5 20. Bb5 Nfd7 21. Nxe5 Nxe5
22. Bxe8 Qd3 23. Qd1 Rxe8 24. Bxe5 Nxe4 25. Rc7 Bc5 26. Qf3 Bxf2+ 27. Kh1 Qxf3
28. gxf3 Rxe5 0-1

[Event "13th Parsvnath Open"]
[Site "New Delhi IND"]
[Date "2015.01.11"]
[Round "4.30"]
[White "Dodeja, Pawan"]
[Black "Rathnakaran, K."]
[Result "1/2-1/2"]
[BlackTitle "IM"]
[WhiteElo "2172"]
[BlackElo "2387"]
[WhiteFideId "5012686"]
[BlackFideId "5005507"]
[EventDate "2015.01.09"]

1. e4 e6 2. d4 d5 3. Nd2 Nf6 4. e5 Nfd7 5. Bd3 c5 6. c3 Nc6 7. Ne2 cxd4 8. cxd4
f6 9. Nf4 Nxd4 10. Qh5+ Ke7 11. Ng6+ hxg6 12. exf6+ Nxf6 13. Qxh8 Kf7 14. O-O e5
15. Nb3 Nxb3 16. axb3 e4 17. Be2 Be6 18. Bg5 Qb6 19. Rac1 Rd8 20. Qh4 Be7 21.
Qg3 Bd6 22. Bf4 Bxf4 23. Qxf4 Qxb3 24. Qe3 Qb4 25. Qxa7 Qxb2 26. Ba6 Qe5 27.
Qxb7+ Rd7 28. Qb3 Ng4 29. Qg3 Qxg3 30. hxg3 Ne5 31. Bc8 Ra7 32. Rfd1 g5 33.
Bxe6+ Kxe6 34. Ra1 Rd7 35. Ra6+ Kf5 36. Rda1 Rc7 37. Rd6 Rc5 38. Rd1 Nd3 39. f3
Ke5 40. Rd8 Rc3 41. fxe4 dxe4 42. Ra1 Nc5 43. Kf1 Rxg3 44. Re8+ Kf4 45. Rf8+ Kg4
46. Re1 Rc3 47. Rc8 Kg3 48. Kg1 g4 49. Rc7 g5 50. Rc8 Rc2 51. Re3+ Kf4 52. Re1
g3 53. Rf8+ Kg4 54. Rc8 Rc4 55. Rxc5 Rxc5 56. Rxe4+ Kf5 57. Re1 Rc2 58. Ra1 Rc4
59. Rb1 Ke4 60. Ra1 Rc3 61. Rf1 g4 62. Ra1 Kd3 63. Rb1 Kc2 64. Ra1 Re3 65. Rf1
Re2 66. Ra1 Kb2 67. Rd1 Kc2 68. Ra1 Kb2 69. Rd1 Kc2 1/2-1/2

[Event "13th Parsvnath Open"]
[Site "New Delhi IND"]
[Date "2015.01.11"]
[Round "4.31"]
[White "Lazarev, Vladimir"]
[Black "Santu, Mondal"]
[Result "1/2-1/2"]
[WhiteTitle "GM"]
[WhiteElo "2379"]
[BlackElo "2178"]
[WhiteFideId "4113250"]
[BlackFideId "5025354"]
[EventDate "2015.01.09"]

1. d4 d5 2. c4 e6 3. Nf3 c6 4. Qc2 Nf6 5. g3 Nbd7 6. Bg2 Bd6 7. O-O O-O 8. b3
Qe7 9. Nc3 e5 10. cxd5 Nxd5 11. Nxd5 cxd5 12. Bg5 f6 13. dxe5 Nxe5 14. Be3 Ng4
15. Bd4 Be6 16. Bb2 Rac8 17. Qd3 Bf7 18. Nd4 Ne5 19. Qd2 g6 20. Rac1 a6 21. Nc2
Bc5 22. Ne3 Rfd8 23. Nxd5 Bxd5 24. Bxd5+ Kg7 25. Kg2 Ng4 26. Rc4 Be3 27. Qc3
Rxc4 28. Qxc4 Nxf2 29. Qc6 Rd6 30. Qc4 Rd8 31. Bxb7 Qd7 32. Bd5 Qe7 33. Qc6 1/2-1/2

[Event "13th Parsvnath Open"]
[Site "New Delhi IND"]
[Date "2015.01.11"]
[Round "4.32"]
[White "Praggnanandhaa, R"]
[Black "Vignesh, NR"]
[Result "0-1"]
[WhiteTitle "FM"]
[WhiteElo "2084"]
[BlackElo "2340"]
[WhiteFideId "25059530"]
[BlackFideId "25012215"]
[EventDate "2015.01.09"]

1. e4 c5 2. Nf3 a6 3. d4 cxd4 4. Nxd4 Nf6 5. Nc3 e5 6. Nf3 Bb4 7. Bg5 h6 8. Bxf6
Bxc3+ 9. bxc3 Qxf6 10. Bc4 d6 11. Nd2 O-O 12. Bd5 Nd7 13. O-O Nb6 14. c4 Qe7 15.
Qe2 Qc7 16. Nb3 Be6 17. Nd2 Rac8 18. Rab1 Bxd5 19. exd5 Nxc4 20. Nxc4 Qxc4 21.
Qxc4 Rxc4 22. Rxb7 Rxc2 23. Rb6 Rxa2 24. Rxd6 Rc8 25. h4 Rcc2 26. Rd8+ Kh7 27.
h5 e4 28. Re8 Rd2 29. Rxe4 Rxd5 30. Re7 f6 31. Ra7 Rxh5 32. Rd1 Rf5 33. Rdd7
Ra1+ 34. Kh2 Rh5+ 35. Kg3 Rg5+ 36. Kh2 Rh5+ 37. Kg3 Ra3+ 38. f3 Rg5+ 39. Kh3 Ra2
40. g4 f5 41. Rd4 fxg4+ 42. Rxg4 Rxg4 43. fxg4 Kg6 44. Rc7 Rf2 45. Kh4 Rf7 46.
Rc5 Ra7 47. Rc6+ Kf7 48. g5 hxg5+ 49. Kxg5 a5 50. Rc3 a4 51. Ra3 Ra5+ 52. Kg4
Ke6 53. Kf4 Kd5 54. Ke3 Kc4 55. Kd2 Kb4 56. Ra2 a3 57. Kc1 Rg5 58. Re2 Rg1+ 59.
Kc2 a2 60. Re4+ Kc5 61. Re5+ 0-1

[Event "13th Parsvnath Open"]
[Site "New Delhi IND"]
[Date "2015.01.11"]
[Round "4.33"]
[White "Pradip, Tiwari"]
[Black "Gusain, Himal"]
[Result "0-1"]
[WhiteElo "2030"]
[BlackElo "2322"]
[WhiteFideId "5045436"]
[BlackFideId "5033861"]
[EventDate "2015.01.09"]

1. b3 c5 2. Bb2 Nc6 3. g3 d5 4. Bg2 e5 5. d3 Nf6 6. Nd2 Bd6 7. c4 d4 8. Ngf3 O-O
9. O-O Re8 10. a3 h6 11. e4 Qc7 12. h3 Be6 13. Nh4 g6 14. Bc1 Ne7 15. g4 Kh7 16.
Qf3 Neg8 17. Rd1 Qe7 18. Qg3 Rab8 19. a4 Bc8 20. Nf1 Nd7 21. g5 Nf8 22. gxh6 Ne6
23. Ra2 Nxh6 24. Nh2 Nf4 25. Ng4 Rh8 26. Nxh6 Kxh6 27. Kh2 Qf6 28. Nf3 Kg7 29.
Ng1 Rh5 30. f3 Bd7 31. Bxf4 exf4 32. Qf2 Rbh8 33. Re1 Qe5 34. Kh1 Be7 35. Qd2
Bh4 36. Re2 Bg3 37. b4 Qg5 38. Rf2 Bxh3 39. Nxh3 Rxh3+ 40. Kg1 Rh1+ 41. Bxh1
Bxf2+ 0-1

[Event "13th Parsvnath Open"]
[Site "New Delhi IND"]
[Date "2015.01.11"]
[Round "4.34"]
[White "Thing, Bibek"]
[Black "Navalgund, Niranjan"]
[Result "1/2-1/2"]
[WhiteElo "1979"]
[BlackElo "2309"]
[WhiteFideId "12303135"]
[BlackFideId "5030854"]
[EventDate "2015.01.09"]

1. e4 e5 2. Nf3 Nc6 3. Bb5 a6 4. Bxc6 dxc6 5. O-O Bg4 6. d3 Bxf3 7. Qxf3 Qd7 8.
h3 f6 9. Be3 h5 10. Rd1 g5 11. Nc3 Bd6 12. d4 g4 13. hxg4 hxg4 14. Qf5 Qxf5 15.
exf5 O-O-O 16. dxe5 Bxe5 17. Rxd8+ Kxd8 18. Rd1+ Kc8 19. Bd4 Rh5 20. Bxe5 fxe5
21. Ne4 Rxf5 22. Kh2 Rf4 23. Nc5 Rf6 24. Kg3 b6 25. Nd3 Rd6 26. Re1 Nf6 27. Rxe5
c5 28. Nf4 Kd7 29. f3 gxf3 30. Kxf3 Rd1 31. Re2 Rf1+ 32. Rf2 Ra1 33. a3 b5 34.
g4 Nh7 35. Ke4 b4 36. axb4 cxb4 37. Kf5 Ra5+ 38. Kg6 Ng5 39. Rd2+ Kc6 1/2-1/2

[Event "13th Parsvnath Open"]
[Site "New Delhi IND"]
[Date "2015.01.11"]
[Round "4.35"]
[White "Shivananda, B.S."]
[Black "Krishna Teja, N"]
[Result "1-0"]
[WhiteTitle "IM"]
[WhiteElo "2305"]
[BlackElo "2158"]
[WhiteFideId "5007038"]
[BlackFideId "5001498"]
[EventDate "2015.01.09"]

1. f4 d5 2. Nf3 Bg4 3. e3 Nd7 4. d4 c5 5. c3 e6 6. Bd3 Bd6 7. h3 Bxf3 8. Qxf3 f5
9. c4 Ne7 10. cxd5 exd5 11. Nc3 c4 12. Bc2 Bb4 13. g4 Nf6 14. Bd2 Bxc3 15. Bxc3
Qd7 16. Rg1 g6 17. Bb4 Nc6 18. Ba3 Ne4 19. gxf5 Qxf5 20. O-O-O O-O-O 21. Rg5 Qe6
22. Bxe4 dxe4 23. Qg4 Qxg4 24. hxg4 b6 25. d5 Nb8 26. Re5 Rde8 27. Rd4 Nd7 28.
Rxc4+ Kb7 29. Re6 h5 30. Rxg6 h4 31. Rg7 h3 32. Rxd7+ Ka8 33. Rcc7 Rc8 34. Kd2
Rxc7 35. Rxc7 h2 36. Rc1 h1=Q 37. Rxh1 Rxh1 38. f5 1-0

[Event "13th Parsvnath Open"]
[Site "New Delhi IND"]
[Date "2015.01.11"]
[Round "4.36"]
[White "Gasanov, Eldar"]
[Black "Dhar, Rajib"]
[Result "0-1"]
[WhiteTitle "GM"]
[WhiteElo "2520"]
[BlackElo "2151"]
[WhiteFideId "14104466"]
[BlackFideId "5015596"]
[EventDate "2015.01.09"]

1. d4 d5 2. c4 c6 3. Nc3 Nf6 4. e3 e6 5. Bd2 Nbd7 6. Rc1 Bd6 7. cxd5 exd5 8. Bd3
O-O 9. Nge2 Re8 10. f3 c5 11. O-O a6 12. Bb1 b5 13. dxc5 Bxc5 14. Nd4 Qb6 15.
Nce2 Bb7 16. Qe1 Ne5 17. b3 b4 18. Qf2 a5 19. Rcd1 Ba6 20. Bc1 Nc6 21. Nxc6 Qxc6
22. Rfe1 Bxe2 23. Rxe2 d4 24. exd4 Rxe2 25. Qxe2 Bxd4+ 26. Kh1 Bc3 27. Bg5 Re8
28. Qd3 g6 29. Bh6 Qe6 30. Qf1 Nd5 31. Be4 Nb6 32. Qb5 f5 33. Bd3 Kh8 34. Bf1
Ra8 35. Bf4 Re8 36. Rd6 Qe1 37. Bg3 Nc8 38. Bxe1 Nxd6 39. Bxc3+ bxc3 40. Qc6 Rc8
41. Qxd6 0-1

[Event "13th Parsvnath Open"]
[Site "New Delhi IND"]
[Date "2015.01.11"]
[Round "4.37"]
[White "Dzhumaev, Marat"]
[Black "Patil, Pratik"]
[Result "1-0"]
[WhiteTitle "GM"]
[WhiteElo "2515"]
[BlackElo "2139"]
[WhiteFideId "14200236"]
[BlackFideId "5038758"]
[EventDate "2015.01.09"]

1. e4 c5 2. Nf3 e6 3. c3 Nf6 4. e5 Nd5 5. Bc4 Nc6 6. O-O d6 7. exd6 Bxd6 8. d4
cxd4 9. Nxd4 O-O 10. Re1 Qf6 11. Nxc6 Qh4 12. Nd4 Qxh2+ 13. Kf1 Qh1+ 14. Ke2
Qxg2 15. Rg1 Qe4+ 16. Kf1 e5 17. Qf3 Qxf3 18. Nxf3 Nf4 19. Nbd2 Bh3+ 20. Ke1
Rac8 21. Ne4 Rxc4 22. Nxd6 Rc6 23. Nxe5 Rxd6 24. Bxf4 Re8 25. Rg3 Bd7 26. Rd1
Rxd1+ 27. Kxd1 Bf5 28. Re3 h5 29. Ke2 Rd8 30. Nc4 f6 31. Nd6 1-0

[Event "13th Parsvnath Open"]
[Site "New Delhi IND"]
[Date "2015.01.11"]
[Round "4.38"]
[White "Ortega Ruiz, Jose Miguel"]
[Black "Rakesh, Kumar Jena"]
[Result "1-0"]
[WhiteTitle "FM"]
[BlackTitle "FM"]
[WhiteElo "2339"]
[BlackElo "2123"]
[WhiteFideId "2209713"]
[BlackFideId "5084822"]
[EventDate "2015.01.09"]

1. d4 d5 2. c4 c6 3. Nf3 Nf6 4. e3 a6 5. Nc3 g6 6. b3 Bg7 7. Bb2 Bf5 8. Bd3 Bxd3
9. Qxd3 O-O 10. O-O Nbd7 11. e4 dxe4 12. Nxe4 Qc7 13. Rad1 Rad8 14. Rfe1 Rfe8
15. Qc2 Nxe4 16. Rxe4 Nc5 17. Re2 Ne6 18. Re4 Qa5 19. Re3 Rd6 20. Bc3 Qh5 21. d5
cxd5 22. Bxg7 Kxg7 23. Re5 Qg4 24. h3 Qf4 25. Rexd5 Red8 26. Qc3+ Qf6 27. Qxf6+
Kxf6 28. Rxd6 Rxd6 29. Re1 h5 30. g3 Nc5 31. Re2 Rd1+ 32. Kg2 Nd3 33. h4 Ra1 34.
Ng5 Nc1 35. Re3 Rxa2 36. Rf3+ Ke5 37. Nxf7+ Kd4 38. Rf4+ Kc5 39. Ne5 Nxb3 40.
Nxg6 Rd2 41. g4 hxg4 42. h5 Rd6 43. Rxg4 a5 44. h6 a4 45. h7 Rd8 46. Rf4 a3 47.
Nf8 a2 48. h8=Q Kb4 49. c5+ Ka3 50. Rf3 Rd1 51. Qc3 Rb1 52. Qa5+ Kb2 53. Qa4 Nd2
54. Qa3+ Ka1 55. Qc3+ Rb2 56. Qc1+ Nb1 57. Ne6 Rd2 58. Rb3 b5 59. Nd4 1-0

[Event "13th Parsvnath Open"]
[Site "New Delhi IND"]
[Date "2015.01.11"]
[Round "4.39"]
[White "Tiwari, Arjun"]
[Black "Ravi, Teja S."]
[Result "0-1"]
[WhiteElo "2179"]
[BlackElo "2338"]
[WhiteFideId "5011337"]
[BlackFideId "5017220"]
[EventDate "2015.01.09"]

1. e4 c6 2. d3 d5 3. Nd2 e5 4. Ngf3 Bd6 5. d4 exd4 6. exd5 cxd5 7. Nxd4 Nc6 8.
N2f3 Nf6 9. Be2 O-O 10. O-O h6 11. h3 a6 12. c4 Nxd4 13. Qxd4 dxc4 14. Rd1 Qe7
15. Bxc4 Bc5 16. Qe5 Qxe5 17. Nxe5 Bf5 18. Bf4 g5 19. Bd2 Bd4 20. Bd3 Be6 21.
Nf3 Bxb2 22. Rab1 Ba3 23. Rxb7 Rfd8 24. Be2 a5 25. Bc3 Rxd1+ 26. Bxd1 Ne4 27.
Bd4 Bxa2 28. Ne5 Rc8 29. Bh5 Bd6 30. f4 Rc1+ 31. Kh2 gxf4 32. Nxf7 Bxf7 33.
Bxf7+ Kf8 34. g3 f3 35. Bg7+ Kxg7 36. Bd5+ Kf6 37. Bxe4 f2 38. Bd3 f1=Q 39. Bxf1
Rxf1 40. Rb6 Ke7 41. Ra6 Rf2+ 42. Kg1 Ra2 43. g4 a4 44. h4 a3 45. g5 hxg5 46.
hxg5 Rd2 47. g6 a2 48. g7 Kf7 49. Ra7+ Kg8 0-1

[Event "13th Parsvnath Open"]
[Site "New Delhi IND"]
[Date "2015.01.11"]
[Round "4.40"]
[White "Harsha, Bharathakoti"]
[Black "Pranavananda, V"]
[Result "0-1"]
[WhiteElo "2309"]
[BlackElo "2115"]
[WhiteFideId "5078776"]
[BlackFideId "5073588"]
[EventDate "2015.01.09"]

1. d4 d5 2. c4 c6 3. Nc3 Nf6 4. Nf3 e6 5. Bg5 Nbd7 6. e3 Be7 7. Qc2 O-O 8. Rd1
a6 9. a3 Re8 10. Bd3 h6 11. Bf4 dxc4 12. Bxc4 b5 13. Bd3 Bb7 14. O-O c5 15. dxc5
Bxc5 16. Ne5 Qe7 17. Nxd7 Nxd7 18. b4 e5 19. Bg3 Bb6 20. Ne4 Rac8 21. Qb2 Bxe4
22. Bxe4 Nf6 23. Bf5 Rc4 24. h3 Ne4 25. Rd7 Qg5 26. Bxe4 Rxe4 27. Kh2 h5 28. Rb7
Re6 29. Rb8+ Kh7 30. Qc2 f5 31. Qc8 Qf6 32. Qh8+ Kg6 33. Rf8 Qe7 34. f4 Rxe3 35.
fxe5 R6xe5 36. Bf4 Re2 37. Bxe5 Qxe5+ 38. Kh1 Qg3 39. Rf6+ Kxf6 40. Qf8+ Kg6 41.
Qxf5+ Kh6 42. Qd5 Bc7 43. Qc6+ 0-1

[Event "13th Parsvnath Open"]
[Site "New Delhi IND"]
[Date "2015.01.11"]
[Round "4.41"]
[White "Mahalakshmi, M"]
[Black "Raghunandan, Kaumandur Srihari"]
[Result "0-1"]
[WhiteTitle "WFM"]
[BlackTitle "FM"]
[WhiteElo "2116"]
[BlackElo "2285"]
[WhiteFideId "5001080"]
[BlackFideId "25004964"]
[EventDate "2015.01.09"]

1. d4 d5 2. c4 c6 3. Nf3 e6 4. Nc3 Nf6 5. e3 Nbd7 6. Qc2 Bd6 7. g4 h6 8. Rg1
dxc4 9. Bxc4 b5 10. Be2 Bb7 11. Bd2 a6 12. h4 c5 13. g5 cxd4 14. gxf6 dxc3 15.
fxg7 cxd2+ 16. Qxd2 Rg8 17. Qxd6 Qf6 18. Rd1 Rd8 19. Nd4 Ne5 20. Qb6 Bd5 21.
Qxa6 Rxg7 22. Rxg7 Qxg7 23. Bxb5+ Kf8 24. b3 Qg1+ 25. Bf1 Kg8 26. Qe2 Be4 27. f3
Nxf3+ 28. Nxf3 Qg3+ 29. Qf2 Rxd1+ 30. Ke2 Bxf3+ 31. Qxf3 Qe1# 0-1

[Event "13th Parsvnath Open"]
[Site "New Delhi IND"]
[Date "2015.01.11"]
[Round "4.43"]
[White "Sidhant, Mohapatra"]
[Black "Snehal, Bhosale"]
[Result "1-0"]
[WhiteElo "2281"]
[BlackElo "2087"]
[WhiteFideId "5028698"]
[BlackFideId "5021995"]
[EventDate "2015.01.09"]

1. e4 e5 2. Nf3 Nc6 3. Bb5 a6 4. Ba4 Nf6 5. d3 b5 6. Bb3 Bc5 7. Nc3 d6 8. Nd5
Na5 9. Bg5 Nxb3 10. axb3 c6 11. Nxf6+ gxf6 12. Be3 Rg8 13. Bxc5 dxc5 14. Nh4 f5
15. Qh5 fxe4 16. dxe4 Qf6 17. h3 h6 18. g3 Bg4 19. hxg4 Rg5 20. Nf5 Rxh5 21.
Rxh5 O-O-O 22. g5 Qe6 23. Rxh6 Qe8 24. Nd6+ Rxd6 25. Rxd6 Kb7 26. O-O-O Kb6 27.
Rf6 Qg8 28. g6 Qh8 29. Rxf7 Qh6+ 30. Kb1 Qxg6 31. Rf5 Qe6 32. g4 a5 33. g5 b4 1-0

[Event "13th Parsvnath Open"]
[Site "New Delhi IND"]
[Date "2015.01.11"]
[Round "4.44"]
[White "Puranik, Abhimanyu"]
[Black "Arjun, K."]
[Result "1-0"]
[WhiteTitle "CM"]
[WhiteElo "2278"]
[BlackElo "2081"]
[WhiteFideId "5061245"]
[BlackFideId "5048842"]
[EventDate "2015.01.09"]

1. e4 e5 2. Nf3 Nc6 3. Bb5 a6 4. Ba4 Nf6 5. d3 d6 6. c3 g6 7. O-O Bg7 8. Re1 O-O
9. Bg5 h6 10. Bh4 Qe8 11. Nbd2 Nh5 12. Nf1 b5 13. Bb3 Be6 14. Ne3 Nf4 15. Bc2 f5
16. exf5 gxf5 17. d4 Ne7 18. g3 Nfg6 19. Bxe7 Qxe7 20. dxe5 dxe5 21. Nxf5 Bxf5
22. Bxf5 Rad8 23. Qc2 Qf6 24. Be4 Ne7 25. Nxe5 Kh8 26. Kg2 Qb6 27. Nd3 Ng6 28.
Kh1 Rd6 29. f4 h5 30. Qe2 h4 31. Qh5+ Kg8 32. Bd5+ 1-0